[Event "OBEM 2018"]
[Site "Bremen"]
[Date "2018.03.28"]
[Round "6.3"]
[White "Norbach, Alexander"]
[Black "Silber, Kevin"]
[Result "0-1"]
[WhiteElo "1957"]
[BlackElo "2274"]
[Annotator "TA"]
[PlyCount "70"]
[EventDate "2018.??.??"]
[EventType "swiss"]
[EventCountry "GER"]
[SourceTitle "playchess.com"]
[Source "ChessBase"]
[SourceQuality "1"]

{[%evp 17,70,-35,-38,-133,-83,-158,-85,-130,-141,-150,-104,-154,-148,-177,-114,-118,-122,-156,-85,-85,-82,-90,-73,-73,-73,-75,-81,-89,-85,-109,-99,-273,-154,-140,-141,-158,-162,-242,-233,-237,-179,-203,-105,-395,-400,-406,-391,-408,-416,-802,-802,-29978,-29979,-29982,-29983]} 1. d4 d5 2. c4 c6 3. Nc3 Nf6 4. Nf3 dxc4 5. e3 b5 {[%cal Bb7b5,Bb5b4][%mdl 32]} 6. a4 b4 7. Nb1 Ba6 8. Qc2 b3 {D15: Slav Defence: 4 Nc3 a6 and gambit lines after 4 Nc3 dxc4} 9. Qd1 e6 $1 {LiveBook: 7 Games} 10. Na3 (10. Bd2 $15) (10. Be2 Bb4+ 11. Bd2 Be7 12. Qc1 Qd5 13. Nc3 Qf5 14. Ne5 O-O 15. g4 Qc2 16. Qxc2 bxc2 {1-0 (39) Erdos,V (2577)-Ni,H (2710) Beijing 2008}) 10... Qd5 $146 {Black is clearly better.} ({Predecessor:} 10... Bb4+ 11. Bd2 Bxa3 12. Rxa3 Ne4 13. Qc1 Qd5 14. Ne5 c3 15. Bxc3 Bxf1 16. Kxf1 {0-1 (59) Benitez Cadenas,L (1663)-Cabello Rodriguez,R (1507) Madrid 2016}) 11. Bd2 {[#]} (11. Be2 $142) 11... Nbd7 (11... Bxa3 $142 $1 12. Rxa3 c5 13. dxc5 Ne4) 12. Qc1 {[%cal Rf1c4]} Bxa3 $1 13. Rxa3 O-O 14. Bc3 Ne4 15. Nd2 Nxd2 (15... c5 $19 16. Nxe4 cxd4 17. Bxd4 Qxe4) 16. Qxd2 $17 c5 17. f3 cxd4 ({Better is} 17... Rfd8 18. Be2 cxd4 19. Qxd4 Qg5) 18. Qxd4 Qxd4 19. Bxd4 e5 20. Bc3 f6 21. Be2 Nc5 $36 {[%mdl 2048] Black is on the roll.} 22. O-O Rfd8 23. g4 Rac8 24. f4 $2 (24. h4 $17) 24... exf4 (24... Ne4 $19 25. Bb4 Rb8) 25. Rxf4 Nd3 26. Rd4 Rxd4 27. exd4 {[#]} (27. Bxd4 $142 Bb7 28. Kf1) 27... Nc1 $1 $19 {[%cal Rc1e2]} 28. Bd1 Rd8 29. Kf2 Na2 ({Black should play} 29... Bb7 $19 {aiming for ...Na2.} 30. Ra1 Na2) 30. Ke3 $2 {[%mdl 8192]} (30. Rxb3 $17 Nxc3 31. Rxc3) 30... Nxc3 31. bxc3 Re8+ 32. Kd2 Bb7 33. Kc1 (33. Bxb3 $142 cxb3 34. Rxb3) 33... Re1 34. Ra1 Bf3 35. Kd2 b2 {Precision: White = 13%, Black = 39%.} 0-1

[Event "OBEM 2018"]
[Site "Bremen"]
[Date "2018.03.28"]
[Round "6.4"]
[White "Boehning, Kilian"]
[Black "Bokelmann, Joachim"]
[Result "1-0"]
[WhiteElo "2109"]
[BlackElo "1964"]
[Annotator "TA"]
[PlyCount "129"]
[EventDate "2018.??.??"]
[EventType "swiss"]
[EventCountry "GER"]
[SourceTitle "playchess.com"]
[Source "ChessBase"]
[SourceQuality "1"]

{[%evp 12,129,26,11,38,10,31,37,38,-2,15,0,0,0,0,0,0,0,-14,-29,-21,-37,0,0,0,0,0,0,0,0,37,-7,10,0,0,0,3,-61,31,-5,0,-138,-36,-91,-94,-101,-75,-71,-29,-75,-27,-49,-16,-31,-9,-49,284,282,271,267,270,179,234,145,176,0,238,95,101,102,127,113,127,118,112,76,135,127,138,140,178,170,177,144,151,156,312,319,316,304,349,351,414,412,452,486,585,580,562,575,564,549,628,618,686,674,918,858,1533,1383,12837,12837,12828,4630,29986,12842,29987,29988,29992,29993]} 1. e4 d5 2. exd5 Qxd5 3. Nc3 Qd8 4. Bc4 Nf6 5. Nf3 a6 6. a4 {B01: Scandinavian Defence} Nc6 7. h3 {LiveBook: 4 Games} e6 (7... Bf5 {looks sharper.} 8. d4 e6 9. O-O Nb4 10. Bb3 c5) (7... Bf5 8. d3 h6 9. g4 Bg6 10. Bf4 e6 11. Ne5 Nxe5 12. Bxe5 Bd6 13. Qe2 Bxe5 14. Qxe5 {1-0 (44) Kamsky,G (2677)-Bartholomew,J (2477) Reykjavik 2018}) 8. O-O {White is slightly better.} Be7 9. d4 O-O 10. Ne2 $146 ({Predecessor:} 10. Be3 b6 11. Qe2 Bb7 12. Rad1 Nb4 {1-0 (28) Can,I (1812)-Yilmaz,H (1389) Antalya 2017}) 10... Nb4 11. Bf4 b6 12. c3 Nbd5 13. Bh2 Bb7 14. Nc1 Bd6 15. Ne5 c5 16. dxc5 Bxc5 17. Qe2 Bd6 18. Ncd3 Qc7 19. Rad1 Rfd8 20. Rfe1 g6 21. Ba2 (21. Bxd5 $5 Nxd5 22. Ng4 $11) 21... Kg7 22. Kh1 b5 23. Rc1 Nb6 $36 {[%mdl 2048] Black is more active.} 24. b3 (24. c4 $11 bxc4 25. Bxc4) 24... Qe7 ({Black should play} 24... Be4 $15 25. Bb1 bxa4) 25. a5 Nbd7 26. Rcd1 {[#]} (26. b4 $11) 26... Rac8 (26... Ne4 $1 $17 27. Qb2 Nxe5 28. Nxe5 Bc5) 27. c4 (27. b4 $15 Nxe5 28. Bxe5) 27... bxc4 28. Nxc4 Bxh2 29. Kxh2 Nd5 30. Rc1 N7f6 31. Bb1 Bc6 32. Nde5 Bb5 33. Qf3 Nd7 $2 {[%mdl 8192] [#]} (33... Nb4 $15 {keeps the upper hand.}) 34. Qxf7+ $1 $18 {[%mdl 512]} Qxf7 35. Nxf7 Rf8 36. Nfd6 Rc6 (36... Rc7 {might work better.} 37. Nxb5 (37. Rxe6 Nc5 $16) 37... axb5) 37. Ne4 Rfc8 38. Ned6 (38. Rcd1 $142) 38... Rf8 39. f3 (39. Rxe6 $18 {has better winning chances. And now Be4 would win.} Rxf2 40. Be4) 39... Bxc4 $16 40. Nxc4 Rfc8 41. Rcd1 R8c7 42. Be4 N7f6 43. g4 Nxe4 (43... g5 $142) 44. fxe4 Nc3 45. Rd3 Nb5 46. Red1 h6 47. Rd7+ Rxd7 48. Rxd7+ {[%mdl 4096] Endgame KRN-KRN} Kg8 $2 (48... Kf8 $16 {was necessary.} 49. h4 Rc5) 49. Kg3 $18 g5 50. Kf3 Rc8 51. Ke3 Rf8 52. Re7 Rf1 53. Rxe6 Rb1 54. Nd2 Re1+ 55. Kd3 Rc1 {White must now prevent ...Rc3+.} 56. e5 Rc3+ 57. Ke4 Rxh3 58. Rxa6 Rh4 59. Rb6 Nc3+ 60. Kf5 Rh2 61. Kg6 {[%cal Rb6b8]} Kf8 62. a6 {[%cal Ba5a6,Ba6a7][%mdl 32] Threatening mate with a7.} Nd5 63. Rb8+ Ke7 64. a7 Nf4+ 65. Kf5 {Precision: White = 45%, Black = 29%.} 1-0

[Event "OBEM 2018"]
[Site "Bremen"]
[Date "2018.03.29"]
[Round "7.1"]
[White "Mueller, Wolfgang"]
[Black "Margraf, Daniel"]
[Result "0-1"]
[WhiteElo "2023"]
[BlackElo "2200"]
[Annotator "NA"]
[PlyCount "82"]
[EventDate "2018.??.??"]
[EventType "swiss"]
[EventCountry "GER"]
[SourceTitle "playchess.com"]
[Source "ChessBase"]
[SourceQuality "1"]
[TimeControl "40/5400+30:1800+30"]

1. e4 c5 {[%emt 0:14:43]} 2. Nf3 {[%emt 0:00:17]} a6 {[%emt 0:00:39]} 3. d4 {[%emt 0:01:29]} cxd4 {[%emt 0:01:11]} 4. Nxd4 {[%emt 0:00:10]} e5 {[%emt 0:02:12]} 5. Nb3 {[%emt 0:05:59]} Nf6 {[%emt 0:03:11]} 6. Qd3 {[%emt 0:13:58]} Nc6 {[%emt 0:06:51]} 7. c3 {[%emt 0:02:51]} d5 {[%emt 0:02:30]} 8. exd5 {[%emt 0:06:05]} Nxd5 {[%emt 0:07:52]} 9. g3 {[%emt 0:01:24]} Be6 {[%emt 0:03:38]} 10. Bg2 {[%emt 0:02:34]} a5 {[%emt 0:04:55]} 11. Na3 {[%emt 0:13:42]} a4 {[%emt 0:04:09]} 12. Nd2 {[%emt 0:00:20]} Be7 {[%emt 0:02:48]} 13. O-O {[%emt 0:01:49]} O-O {[%emt 0:00:19]} 14. Ndc4 {[%emt 0:02:27]} Bc5 {[%emt 0:03:19]} 15. Bxd5 {[%emt 0:10:40]} Qxd5 {[%emt 0:05:30]} 16. Qxd5 {[%emt 0:02:26]} Bxd5 {[%emt 0:00:08]} 17. Be3 {[%emt 0:00:55]} Bxe3 {[%emt 0:02:28]} 18. Nxe3 {[%emt 0:02:04]} Bf3 {[%emt 0:00:26]} 19. Rfe1 {[%emt 0:03:16]} Rfd8 {[%emt 0:03:09]} 20. Nec4 {[%emt 0:03:15]} f6 {[%emt 0:04:48]} 21. Nb6 {[%emt 0:05:58]} Ra6 {[%emt 0:04:03]} 22. Nac4 {[%emt 0:02:25]} Na5 {[%emt 0:01:19]} 23. Nxa5 {[%emt 0:03:37]} Rxa5 {[%emt 0:01:42]} 24. b4 {[%emt 0:01:53]} axb3 {[%emt 0:01:36]} 25. axb3 {[%emt 0:00:44]} Rb5 {[%emt 0:00:21]} 26. Na4 {[%emt 0:07:00]} Rxb3 {[%emt 0:00:45]} 27. Rab1 {[%emt 0:01:52]} Rxb1 {[%emt 0:04:47]} 28. Rxb1 {[%emt 0:00:05]} Rc8 {[%emt 0:05:30]} 29. Rc1 {[%emt 0:02:56]} b5 {[%emt 0:01:17]} 30. Nb2 {[%emt 0:00:01]} Rd8 {[%emt 0:00:23]} 31. c4 {[%emt 0:01:48]} Rd2 {[%emt 0:00:43]} 32. Rb1 {[%emt 0:00:17]} Be4 {[%emt 0:01:22]} 33. Re1 {[%emt 0:00:02]} Bg6 {[%emt 0:01:52]} 34. Nd1 {[%emt 0:00:02]} bxc4 {[%emt 0:00:37]} 35. Ne3 {[%emt 0:00:02]} c3 {[%emt 0:00:52]} 36. Rc1 {[%emt 0:00:01]} c2 {[%emt 0:00:22]} 37. g4 {[%emt 0:02:05]} Be4 {[%emt 0:01:34]} 38. Re1 {[%emt 0:01:17]} g6 {[%emt 0:01:56]} 39. h4 {[%emt 0:00:01]} Kf7 {[%emt 0:00:32]} 40. Ra1 {[%emt 0:00:17]} Bf3 {[%emt 0:30:47]} 41. Re1 {[%emt 0:30:43]} Bd1 {[%emt 0:00:48]} 0-1

[Event "OBEM 2018"]
[Site "Bremen"]
[Date "2018.03.29"]
[Round "7.2"]
[White "Issing, Peter"]
[Black "Boehning, Kilian"]
[Result "1-0"]
[WhiteElo "2196"]
[BlackElo "2109"]
[Annotator "NA RC"]
[PlyCount "108"]
[EventDate "2018.??.??"]
[EventType "swiss"]
[EventCountry "GER"]
[SourceTitle "playchess.com"]
[Source "ChessBase"]
[SourceQuality "1"]
[TimeControl "40/5400+30:1800+30"]

1. d4 {[%emt 0:00:00]} f5 {[%emt 0:00:22]} 2. e4 {[%emt 0:00:00]} fxe4 {[%emt 0:00:49]} 3. Nc3 {[%emt 0:00:24]} g6 {[%emt 0:00:41]} 4. Nxe4 {[%emt 0:00:46]} Bg7 {[%emt 0:00:06]} 5. Nf3 {[%emt 0:01:40]} Nf6 {[%emt 0:00:26] A82: Dutch Defence: Staunton Gambit} (5... d5 6. Nc5 b6 7. Nd3 Nf6 8. Be2 c5 9. dxc5 bxc5 10. c4 O-O 11. O-O Na6 12. cxd5 Qxd5 13. Nde5 e6 14. Qa4 Nc7 15. Be3 Ne4 16. Nc6 {1-0 (16) Atalik,S (2545)-Ugrcic,Z (2030) Belgrade 2017}) 6. Ng3 {[%emt 0:09:30]} d5 {[%emt 0:02:44]} 7. Bd3 {[%emt 0:03:10]} Nc6 $146 {[%emt 0:02:18]} ({Find the theoretical novelty and annotate with similar games:} 7... O-O 8. Bg5 Bg4 9. Be2 Ne4 10. Be3 Nxg3 11. hxg3 Nd7 12. Ng5 Bxe2 13. Qxe2 {1-0 (28) Saftenberger,W (1746)-Guensch,H (1767) Moembris 2003}) 8. h3 {[%emt 0:11:19]} Qd6 {[%emt 0:03:03]} 9. O-O {[%emt 0:04:30]} Bd7 {[%emt 0:05:24]} 10. c3 {[%emt 0:04:48]} O-O-O {[%emt 0:06:54]} 11. b4 {[%emt 0:01:42]} e5 {[%emt 0:09:23]} 12. b5 {[%emt 0:06:02]} e4 {[%emt 0:01:52]} 13. bxc6 {[%emt 0:00:54]} Bxc6 {[%emt 0:00:12]} 14. Ne5 {[%emt 0:01:25]} exd3 {[%emt 0:01:11]} 15. Nf7 {[%emt 0:03:52]} Qd7 {[%emt 0:01:35]} 16. Nxd8 {[%emt 0:00:36]} Kxd8 {[%emt 0:03:07]} 17. Re1 {[%emt 0:01:51]} Bb5 {[%emt 0:00:40]} 18. Bf4 {[%emt 0:03:37]} Rf8 {[%emt 0:04:26]} 19. Qd2 {[%emt 0:02:41]} Kc8 {[%emt 0:18:09]} 20. Bg5 {[%emt 0:03:16]} Ng8 {[%emt 0:02:03]} 21. Nf1 {[%emt 0:01:58]} Qf5 {[%emt 0:03:25]} 22. Nh2 {[%emt 0:01:46]} h6 {[%emt 0:02:04]} 23. Be3 {[%emt 0:00:26]} Nf6 {[%emt 0:02:10]} 24. f3 {[%emt 0:01:10]} Ne8 {[%emt 0:10:02]} 25. Bxh6 {[%emt 0:03:01]} Bxh6 {[%emt 0:03:03]} 26. Qxh6 {[%emt 0:00:01]} Nd6 {[%emt 0:03:12]} 27. Nf1 {[%emt 0:02:37]} Qf6 {[%emt 0:03:25]} 28. Re6 {[%emt 0:04:30]} Qxe6 {[%emt 0:02:20]} 29. Qxf8+ {[%emt 0:00:12]} Kd7 {[%emt 0:00:08]} 30. a4 {[%emt 0:07:27]} Bxa4 {[%emt 0:02:41]} 31. Rxa4 {[%emt 0:02:06]} d2 {[%emt 0:00:08]} 32. Nxd2 {[%emt 0:01:53]} Qe3+ {[%emt 0:00:28]} 33. Kh2 {[%emt 0:01:59]} Qxd2 {[%emt 0:00:02]} 34. Qg7+ {[%emt 0:02:34]} Kc6 {[%emt 0:00:05]} 35. Qf6 {[%emt 0:02:05]} Qxc3 {[%emt 0:00:51]} 36. Rxa7 {[%emt 0:01:30]} Qd3 {[%emt 0:01:07]} 37. Ra5 {[%emt 0:02:44]} b6 {[%emt 0:01:20]} 38. Ra7 {[%emt 0:00:13]} Qf5 {[%emt 0:00:23]} 39. Qe5 {[%emt 0:03:23]} Qf7 {[%emt 0:00:46]} 40. Ra8 {[%emt 0:02:49]} Nc4 {[%emt 0:32:11]} 41. Qe8+ {[%emt 0:32:20]} Qxe8 {[%emt 0:05:02]} 42. Rxe8 {[%emt 0:00:07]} b5 {[%emt 0:00:00]} 43. Re6+ {[%emt 0:00:00]} Nd6 {[%emt 0:00:00]} 44. Rxg6 {[%emt 0:00:00]} b4 {[%emt 0:00:00]} 45. Re6 {[%emt 0:00:00]} Kb5 {[%emt 0:00:00]} 46. h4 {[%emt 0:00:00]} b3 {[%emt 0:00:00]} 47. Re1 {[%emt 0:00:00]} c5 {[%emt 0:00:00]} 48. dxc5 {[%emt 0:00:00]} Kxc5 {[%emt 0:00:00]} 49. h5 {[%emt 0:00:00]} d4 {[%emt 0:00:00]} 50. h6 {[%emt 0:00:00]} d3 {[%emt 0:00:00]} 51. h7 {[%emt 0:00:00]} Nf7 {[%emt 0:00:00]} 52. Re7 {[%emt 0:00:00]} Nh8 {[%emt 0:00:00]} 53. Re8 {[%emt 0:00:00]} Ng6 {[%emt 0:00:00]} 54. Rg8 {[%emt 0:00:00]} Kd5 1-0

[Event "OBEM 2018"]
[Site "Bremen"]
[Date "2018.03.29"]
[Round "7.3"]
[White "Silber, Kevin"]
[Black "Hoeffer, David"]
[Result "0-1"]
[WhiteElo "2274"]
[BlackElo "2264"]
[Annotator "TA"]
[PlyCount "74"]
[EventDate "2018.??.??"]
[EventType "swiss"]
[EventCountry "GER"]
[SourceTitle "playchess.com"]
[Source "ChessBase"]
[SourceQuality "1"]

{[%evp 20,74,91,82,97,89,125,107,115,66,293,278,254,249,251,258,251,242,241,168,198,157,239,227,310,248,328,0,0,0,487,0,-7,0,0,0,338,-178,-193,-183,-175,-158,-178,-646,-504,-713,-725,-858,-861,-1026,-1066,-960,-919,-1169,-837,-835,-363]} 1. e4 e5 2. Nf3 d6 3. d4 exd4 4. Nxd4 Nf6 5. Nc3 Be7 6. Bf4 O-O 7. Qd2 c6 8. O-O-O b5 {[%cal Bb7b5,Bb5b4][%mdl 32] C41: Philidor Defence} 9. f3 b4 10. Na4 Qa5 11. b3 {[%cal Bb2b3,Bb3a4][%mdl 32] LiveBook: 3 Games} c5 12. Nb5 {[%cal Bd4b5,Bb5d6,Bd6f5][%mdl 32]} Bd7 13. Nxd6 Bxa4 14. Nf5 Bd8 $146 (14... Nc6 $14) ({Predecessor:} 14... Nc6 15. bxa4 Rfd8 16. Qe3 Rxd1+ 17. Kxd1 {1-0 (41) Solodovnichenko,Y (2567)-Schulze,T (2319) Bad Zwischenahn 2013}) 15. bxa4 $18 {Hoping for Bh6!} Nc6 16. Bb5 Nd4 17. Nxd4 cxd4 18. Bd6 (18. Qxd4 $6 a6 $16) 18... a6 19. Bc6 (19. Qxb4 Qxb4 20. Bxb4 axb5 $16) (19. Qxd4 axb5 20. Bxf8 Kxf8 $15) 19... Rc8 20. Bxf8 ({Don't play} 20. Qxd4 Bb6 $16) (20. Bxb4 Qc7 $15) (20. Qxb4 $6 Rxc6 21. Qxa5 (21. Bxf8 Qg5+ 22. Qd2 Qxd2+ 23. Rxd2 Kxf8 $16) 21... Bxa5 $14) 20... Kxf8 (20... Rxc6 $16 {keeps fighting.} 21. Qxd4 (21. Bxb4 Qxa4 22. Kb1 Rc4 $16) 21... Bb6 22. Bxb4 (22. Qxb4 Be3+ 23. Kb2 Rb6 $17) 22... Rxc2+ 23. Kxc2 Qxa4+ 24. Kb2 Bxd4+ 25. Rxd4 h6) 21. Bb7 Rc4 22. Qd3 Qc5 {If Black can now play ...Rc3 this consolidates a bit.} 23. Bxa6 $2 (23. Kb1 $18) 23... Rc3 $11 24. Qxd4 Rxc2+ 25. Kb1 Rc1+ $1 26. Rxc1 Qxd4 27. Rhd1 Qb6 $2 {[%mdl 8192] [#]} (27... Qa7 $1 $11 {and Black has nothing to worry.}) 28. Rc8 $4 {[%mdl 8192]} (28. Rxd8+ $1 $18 {[%mdl 512] is the narrow road to win.} Ke7 (28... Qxd8 29. Rc8) 29. Ra8) 28... Qxa6 $19 29. Rcxd8+ Ne8 30. Rb8 {[#]} Ke7 $1 31. Rdd8 $2 (31. Rxb4 Qe2 32. Rbd4) 31... Qf1+ {Black is clearly winning.} 32. Kb2 Qxg2+ 33. Kb1 Nd6 34. e5 Qf1+ 35. Kc2 Qe2+ 36. Kb3 Qc4+ 37. Kb2 Qc3+ {Precision: White = 35%, Black = 70%.} (37... Qd4+ $142 38. Kc2 Qxe5 39. Rxd6 Qc3+ 40. Kb1 Kxd6) 0-1

[Event "OBEM 2018"]
[Site "Bremen"]
[Date "2018.03.29"]
[Round "7.4"]
[White "Kardoeus, David"]
[Black "Bart, Semjon"]
[Result "1-0"]
[WhiteElo "2229"]
[BlackElo "2062"]
[Annotator "NA RC"]
[PlyCount "99"]
[EventDate "2018.??.??"]
[EventType "swiss"]
[EventCountry "GER"]
[SourceTitle "playchess.com"]
[Source "ChessBase"]
[SourceQuality "1"]
[TimeControl "40/5400+30:1800+30"]

1. e4 {[%emt 0:18:52]} e5 {[%emt 0:00:07]} 2. Nf3 {[%emt 0:00:23]} Nc6 {[%emt 0:00:06]} 3. d4 {[%emt 0:00:34]} exd4 {[%emt 0:00:21]} 4. Nxd4 {[%emt 0:00:32]} Nf6 {[%emt 0:02:01]} 5. Nxc6 {[%emt 0:00:20]} bxc6 {[%emt 0:00:10]} 6. e5 {[%emt 0:00:14]} Ne4 {[%emt 0:13:14]} 7. Nd2 {[%emt 0:00:10]} Nc5 {[%emt 0:15:05] C45: Scotch Game} (7... Nxd2 8. Bxd2 d5 9. Bd3 Qh4 10. O-O Bc5 11. c4 O-O 12. Rc1 Bd4 13. Bc3 Bxc3 14. Rxc3 Be6 15. f4 {1-0 (55) Vallejo Pons,F (2679)-Kortschnoj,V (2568) Vera 2004}) 8. Be2 {[%emt 0:01:57]} d6 {[%emt 0:01:22]} 9. exd6 {[%emt 0:15:23]} cxd6 {[%emt 0:00:33]} 10. O-O {[%emt 0:01:05]} Be7 {[%emt 0:04:28]} 11. Nb3 {[%emt 0:03:26]} Ne6 {[%emt 0:05:42]} 12. Bf3 {[%emt 0:08:39]} Bd7 {[%emt 0:02:34]} 13. Nd4 {[%emt 0:03:43]} Nxd4 {[%emt 0:01:41]} 14. Qxd4 {[%emt 0:00:11]} O-O {[%emt 0:01:46]} 15. Bf4 {[%emt 0:00:27] [#]} d5 $146 {[%emt 0:02:52]} 16. Rfe1 {[%emt 0:07:34]} Bf6 {[%emt 0:05:22]} 17. Be5 {[%emt 0:00:29]} Bxe5 {[%emt 0:01:06]} 18. Qxe5 {[%emt 0:03:40]} Be6 {[%emt 0:09:59]} 19. c4 {[%emt 0:06:32]} dxc4 {[%emt 0:04:39]} 20. Bxc6 {[%emt 0:09:11]} Rb8 {[%emt 0:00:06]} 21. Bf3 {[%emt 0:01:32]} Qb6 {[%emt 0:01:06]} 22. Re2 {[%emt 0:00:41]} Rfd8 {[%emt 0:01:50]} 23. h3 {[%emt 0:02:26]} Qb5 {[%emt 0:03:59]} 24. Qe3 {[%emt 0:03:53]} a5 {[%emt 0:01:21]} 25. Rc1 {[%emt 0:02:24]} Rd3 {[%emt 0:01:30]} 26. Qf4 {[%emt 0:00:06]} Rbd8 {[%emt 0:02:53]} 27. Bg4 {[%emt 0:02:40]} R3d4 {[%emt 0:08:39]} 28. Qe5 {[%emt 0:00:46]} Qxe5 {[%emt 0:05:26]} 29. Rxe5 {[%emt 0:00:07]} Bxg4 {[%emt 0:00:19]} 30. hxg4 {[%emt 0:00:08]} Rxg4 {[%emt 0:01:08]} 31. Rxa5 {[%emt 0:00:38]} g6 {[%emt 0:01:00]} 32. Rc2 {[%emt 0:01:30]} Rd1+ {[%emt 0:00:52]} 33. Kh2 {[%emt 0:00:10]} h5 {[%emt 0:00:14]} 34. f3 {[%emt 0:02:20]} Rh4+ {[%emt 0:00:29]} 35. Kg3 {[%emt 0:00:08]} Rhd4 {[%emt 0:00:04]} 36. Rc5 {[%emt 0:00:35]} Rf1 {[%emt 0:01:31]} 37. R5xc4 {[%emt 0:00:52]} h4+ {[%emt 0:00:46]} 38. Kh2 {[%emt 0:00:06]} Rdd1 {[%emt 0:01:36]} (38... Rxc4 {was worth a try.} 39. Rxc4 Rb1) 39. Rxh4 {[%emt 0:00:13]} Ra1 {[%emt 0:00:15]} 40. a3 {[%emt 0:00:41]} Kg7 {[%emt 0:30:24]} 41. Kg3 {[%emt 0:32:20]} g5 {[%emt 0:00:10]} 42. Rb4 {[%emt 0:01:23]} Ra2 {[%emt 0:01:26]} 43. Kg4 {[%emt 0:01:40]} Kg6 {[%emt 0:00:43]} 44. Rb6+ {[%emt 0:00:16]} f6 {[%emt 0:00:07]} 45. Rcc6 {[%emt 0:00:00]} Rf2 {[%emt 0:00:00]} 46. Rxf6+ {[%emt 0:00:00]} Kg7 {[%emt 0:00:00]} 47. g3 {[%emt 0:00:00]} Raxb2 {[%emt 0:00:00]} 48. Rg6+ {[%emt 0:00:00]} Kf7 {[%emt 0:00:00]} 49. Rxb2 {[%emt 0:00:00]} Rxb2 {[%emt 0:00:00]} 50. Rxg5 $18 {[%emt 0:00:00]} 1-0

[Event "OBEM 2018"]
[Site "Bremen"]
[Date "2018.03.30"]
[Round "8"]
[White "Hoeffer, David"]
[Black "Peters, Frank"]
[Result "1-0"]
[WhiteElo "2264"]
[BlackElo "2075"]
[Annotator "TA"]
[PlyCount "62"]
[EventDate "2018.??.??"]
[EventType "swiss"]
[EventCountry "GER"]
[SourceTitle "playchess.com"]
[Source "ChessBase"]
[SourceQuality "1"]

{[%evp 15,62,56,47,56,88,54,75,51,54,50,87,39,64,43,44,31,103,85,104,92,110,117,161,132,154,155,154,162,377,260,277,233,714,750,723,387,776,767,1026,1032,1017,410,954,907,951,943,925,922,6308]} 1. e4 g6 2. d4 Bg7 3. Nc3 c6 4. Nf3 d5 5. h3 dxe4 6. Nxe4 Nd7 7. Bc4 Nb6 8. Bb3 Nf6 {LiveBook: 8 Games. B15: Caro-Kann: 3 Nc3: 3...g6 and 3...dxe4 4 Nxe4 Nf6 5 Nxf6+ exf6} (8... Nh6 9. O-O Nf5 10. c3 Nd5 11. Re1 O-O 12. Ne5 a5 13. a4 Qc7 14. Nc5 b6 15. Ncd3 Ba6 16. Nf4 {½-½ (67) Cuartas,J (2489)-Kamsky,G (2706) Tromsoe 2014}) 9. Nc5 Nbd5 $146 ({Find the theoretical novelty and annotate with similar games:} 9... O-O 10. O-O Qc7 11. Re1 e6 12. Bg5 Nbd7 13. Nd3 b6 14. Bf4 Qd8 15. Bd6 Re8 16. Nde5 Nxe5 17. dxe5 {½-½ (63) Heberla,B (2485)-Sabol,M (2354) Litomysl 2008}) 10. O-O O-O {White is slightly better.} 11. Re1 b6 12. Nd3 a5 13. a3 Bb7 14. Qe2 e6 15. c4 Nc7 ({Better is} 15... Ne7 $14) 16. Bf4 $36 {[%mdl 2048] White is in control.} a4 17. Ba2 Na6 18. Rad1 Qc8 19. Nde5 c5 {[#]} 20. d5 $1 exd5 21. cxd5 {Black must now prevent Nxf7!} Nb8 $2 (21... b5 {might work better.}) 22. Ng5 Ba6 23. Qe3 b5 $2 {[#]} (23... Ra7 24. d6 c4) 24. Nexf7 $18 Rxf7 25. Bxb8 Rxb8 $2 (25... Bh6) 26. Nxf7 Kxf7 27. d6+ {[%cal Bd5d6,Bd6d7][%mdl 32]} c4 28. Qe7+ Kg8 29. d7 {White is clearly winning.} Qd8 30. Qe6+ Kh8 31. Qxa6 Ra8 {Precision: White = 52%, Black = 24%.} 1-0